00850nam a2200205 a 450000100060000000300090000600800410001504000280005608200160008410000640010024501040016426000350026830000110030359000810031465000470039565000220044294200120046499900170047695201510049315929CO-ViMGA141112s2004 ck r 000 u spa d aCO-ViMGAbspacCO-ViMGA04a635.9 C656g1 aColombia, Ministerio de trabajo y seguridad social, 91591010aGuía para la elaboración de un plan de salud ocupacional en las empresas del sector Floricultor aBogotá, cMintrabajo, c2002 a100.p. aForma de adquisición : Donación Biblioteca Nacional - - Precio : 15.00014aMEDIDAS DE SEGURIDAD - FLORICULTURA92285314aSALUD OCUPACIONAL 2ddccBK c25932d25932 00102ddc40708002aMEVIECARbMEVIECARd2015-12-04hVolumen. 1 | 11/jun/2009l0o635.9 C656g p15929r2015-12-04 00:00:00tEj. 1w2015-12-04yBK